000 00863nam a2200253 a 4500
001 47695
003 BD-RjUL
005 20211209054354.0
008 160810s1973 bg ||||| |||| 00| d ben d
020 _c: Tk. 10.00
035 _a(BD-RjUL)47814
040 _aBD-RjUL
_bben
_cBD-RjUL
041 _aben
082 _223
_a832
_bGOG 1973
100 1 _aগ্যেট
_9144893
245 1 0 _aগ্যেটের ফাউস্ট /
_cগ্যেট ; মহীউদ্দীন, অনূদিত
260 _aঢাকা :
_bবাংলা একাডেমী,
_c১৯৭৩
300 _aখণ্ড ;
_c২১ সেমি.
505 0 _aখণ্ড ১---
650 _aজার্মান নাটক
_9144861
650 _aGerman Drama
_9144862
700 _aমহীউদ্দীন, অনূদিত
_9123175
942 _2ddc
_cBK
_01
999 _c47695
_d47695